Normal view
MARC view
- FRICTION MECHANICAL WEAR
Entry Topical Term
001 - CONTROL NUMBER
- control field: 75357
003 - CONTROL NUMBER IDENTIFIER
- control field: NUST
005 - DATE AND TIME OF LATEST TRANSACTION
- control field: 20210628205410.0
008 - FIXED-LENGTH DATA ELEMENTS
- fixed length control field: 210628|| aca||aabn | a|a d
040 ## - CATALOGING SOURCE
- Original cataloging agency: NUST
- Transcribing agency: NUST
150 ## - HEADING--TOPICAL TERM
- Topical term or geographic name entry element: FRICTION MECHANICAL WEAR
670 ## - SOURCE DATA FOUND
- Source citation: Work cat.: (NUST): SARKAR, A. D 75356, FRICTION AND WEAR, 1980
